000 00717nam a2200217Ia 4500
003 GCL
005 20240530101758.0
008 140319s9999 xx 000 0 ara d
040 _aGCL /
_cGCL
082 0 4 _a531.1
_bج م
100 1 _aجلال القبرصى
245 1 0 _aالميكانيكا النيوتينية بالوحدات الدولية المترية /
_cجلال القبرصى
260 _a[S.N] :
_bدار الراتب الجامعية ،
_c1988
300 _a3 جزء ؛
_c24 سم
650 0 4 _aالديناميكا
650 0 4 _aالرياضيات
650 0 4 _aالفيزياء
650 0 4 _aالاستاتيكا
650 0 4 _aالميكانيكا النيوتينية
942 _2ddc
_cBK
999 _c27672
_d27672